History of Science in India: (Record no. 211411)

MARC details
000 -LEADER
fixed length control field 00729nam a22002057a 4500
005 - DATE AND TIME OF LATEST TRANSACTION
control field 20250523153404.0
010 ## - LCCN (DPL NO)
LC control number ENG-145009
020 ## - INTERNATIONAL STANDARD BOOK NUMBER
International Standard Book Number 9789381325483(VOl 8)
Terms of availability 250.00
035 ## - SYSTEM CONTROL NUMBER
System control number EN-128541
037 ## - SOURCE OF ACQUISITION
Source of stock number/acquisition DBAD
082 ## - DEWEY DECIMAL CLASSIFICATION NUMBER
Classification number 574.102
100 ## - MAIN ENTRY--PERSONAL NAME
Personal name Mandal, Nitai Chandra
245 ## - TITLE STATEMENT
Title History of Science in India:
Remainder of title Biochemistry, Biophysics and Molecular Biology/
Statement of responsibility, etc by Nitai Chandra Mandal [and] Dhrubajyoti Chattopadhyay
260 ## - PUBLICATION, DISTRIBUTION, ETC. (IMPRINT)
Place of publication, distribution, etc Kolkata
Name of publisher, distributor, etc The Ramakrishna Mission Institute of Culture
Date of publication, distribution, etc 2014
270 ## - ADDRESS
Address Gol Park
City Kolkata
Postal code 700029
300 ## - PHYSICAL DESCRIPTION
Extent xx,573p.:
Dimensions 25cm(Hb)
Other physical details ill.
490 ## - SERIES STATEMENT
Volume number/sequential designation Vol 8
700 ## - ADDED ENTRY--PERSONAL NAME
Personal name Chattopadhyay, Dhrubajyoti
9 (RLIN) 75181
Relator term Author
942 ## - ADDED ENTRY ELEMENTS (KOHA)
Source of classification or shelving scheme Dewey Decimal Classification
Item type English Books
Classification part 574.102
Call number suffix MAN
Holdings
Withdrawn status Lost status Not for loan Collection code Home library Current library Date acquired Source of acquisition Cost, normal purchase price Full call number Barcode Copy number Cost, replacement price Koha item type
      Non-fiction New Police Line New Police Line 23/05/2025 Delivery of Books Act Division 250.00 574.102 MAN EN-128541 1 250.00 English Books

© Delhi Public Library
Hit Counter
free hit counter